Statistics for Top 10 Largest Cities in Turkey

Click here to take the quiz!

General Stats

  • This quiz has been taken 76 times
  • The average score is 6 of 10

Answer Stats

PopulationCity% Correct
11,174,257Istanbul
100%
3,517,182Ankara
99%
2,500,603İzmir
90%
1,248,988Adana
77%
758,188Antalya
77%
1,412,701Bursa
76%
1,065,975Gaziantep
63%
875,530Konya
56%
724,270Bağcılar
3%
792,189Çankaya
1%

Score Distribution

Percentile by Number Answered

Percent of People with Each Score

Your Score History

You have not taken this quiz